000 00474nam a2200181Ia 4500
008 090124s9999 xx 000 0 und d
082 _b132076
100 _aकिनरे जयंत
245 _a सीमारेषा
250 _a1
260 _c2001
300 _a326
600 _aकिनरे जयंत
630 _a सीमारेषा
700 _aकिनरे जयंत
730 _a सीमारेषा
942 _cBOOK
999 _c178165
_d178165